| 000 | 01223aam a2200349 i 4500 | ||
|---|---|---|---|
| 999 |
_c46118 _d46118 |
||
| 001 | 768714001 | ||
| 003 | CO-MdFUSB | ||
| 005 | 20201027163253.0 | ||
| 007 | ta | ||
| 008 | 200518t1937 enkb|||| |||| 00| 0 eng d | ||
| 020 | _a[No incluye ISBN] | ||
| 040 |
_bspa. _aCO-MdFUSB _cCO-MdFUSB _dCO-MdFUSBC _erda |
||
| 041 | _aeng | ||
| 082 |
_223 _a232.9 _bM234 |
||
| 100 |
_aMajor, Henry Dewsbury Alves _eautor |
||
| 245 | 1 | 4 |
_aThe mission and message of Jesus : _ban exposition of the gospels in the light of modern research _c/ H. D. A. Major , T. W. Manson . C. J. Wright |
| 264 | 1 |
_aLondres: _bIvor Nicholson and Watson _c[1937] |
|
| 264 | 4 | _c© 1937 | |
| 300 |
_axxxi, 966 páginas _bmapa plegado _c; 24 cm |
||
| 336 |
_atexto _btxt _2rdacontent |
||
| 337 |
_2rdamedia _asin mediación _bn |
||
| 338 |
_2rdacarrier _avolumen _bnc |
||
| 505 | _aIncidentes en la vida de Jesús - Los dichos de Jesús - Jesús la revelación de Dios | ||
| 563 | _aPasta dura | ||
| 600 | 7 |
_aJesucristo _xVida social y costumbres |
|
| 630 | 0 | 7 |
_aBiblia. _pEvangelios |
| 700 |
_93786 _aManson, Thomas Walter _eautor |
||
| 700 |
_92913 _aWright, Chirstopher J. H. _eautor |
||
| 942 | _cBK | ||
| 945 | _aJTF-925 | ||